Les cantons de la Suisse - Statistiques

Statistiques générales
  • Ce quiz a été pris 60 fois
  • Le résultat moyen est 17 sur 25
Statistiques - réponses
Population (2022) Réponse % Correct
514 114 Genève
94%
1 579 967 Zurich
94%
1 051 437 Berne
89%
830 431 Vaud
85%
357 282 Valais
81%
176 571 Neuchâtel
79%
334 465 Fribourg
77%
73 865 Jura
77%
354 023 Tessin
77%
202 538 Grisons
74%
196 786 Bâle-Ville
72%
424 851 Lucerne
72%
294 417 Bâle-Campagne
70%
37 317 Uri
66%
44 420 Nidwald
64%
525 967 Saint-Gall
64%
131 164 Zoug
64%
282 408 Soleure
62%
38 700 Obwald
60%
164 920 Schwytz
60%
711 232 Argovie
55%
85 214 Schaffhouse
55%
41 471 Glaris
47%
289 650 Thurgovie
47%
55 759 Appenzell Rhodes-Extérieures
40%
Aucun quiz correspondant
Distribution des résultats
% des personnes avec chaque résultat
Percentile par nombre de réponses
Votre historique - résultats
Vous n’avez pas pris ce quiz